Statistics for South Asian Cities by Map

Click here to take the quiz!

General Stats

  • This quiz has been taken 13,703 times
  • The average score is 13 of 21

Answers on the Map

Answers color-coded by a green-red scale on the quiz's map according to % correct below.
 

Answer Stats

Cities% Correct
New Delhi
98%
Mumbai
95%
Islamabad
91%
Dhaka
88%
Kathmandu
88%
Kolkata
86%
Karachi
82%
Colombo
80%
Lahore
72%
Chennai
71%
Bengaluru
69%
Malé
65%
Thimphu
64%
Hyderabad
62%
Lhasa
58%
Chittagong
45%
Jaipur
40%
Lucknow
32%
Quetta
20%
Jaffna
15%
Pokhara
13%

Score Distribution

Percentile by Number Answered

Percent of People with Each Score

Your Score History

You have not taken this quiz